| 000 | 00845nam a22002777a 4500 | ||
|---|---|---|---|
| 999 |
_c3946 _d3946 |
||
| 003 | AR-CdUCM | ||
| 008 | 190307b ||||| |||| 00| 0 spa d | ||
| 020 | _a84-8280-191-0 | ||
| 040 |
_aMUNICIPALIDAD PROVINCIAL DEL CUSCO _cBIBLIOTECA MUNICIPAL DEL CUSCO |
||
| 041 | _heng | ||
| 082 |
_a828.77 / _bS42 |
||
| 100 |
_aScott, Walter _911249 |
||
| 245 | _aIvanhoe / | ||
| 260 |
_aBogotá : _bLa oveja Negra, _c1984. |
||
| 300 |
_a445 páginas ; _c19 cm. |
||
| 440 |
_aHistoria universal de la literatura. _n91 _912625 |
||
| 650 |
_aNovelas históricas inglesas _912490 |
||
| 650 |
_aTraducciones al español _91053 |
||
| 650 |
_aSiglo XIX _9971 |
||
| 650 |
_aInglaterra _91396 |
||
| 650 |
_aHistoria _943968 |
||
| 650 |
_aRicardo I, 1189-1199 _912626 |
||
| 700 |
_aD´Efak, Guillem (traductor) _912627 |
||
| 942 |
_2ddc _cLIBROS |
||
| 945 | _azta | ||